Helsinki. Tochter der Ostsee ein geschichtlicher Abriss

Bibliographic Details
Main Authors: Klinge, Matti (Author), Kolbe, Laura (Author)
Other Authors: Schrey-Vasara, Gabriele (Translator)
Format: Book
Language:German
PhysicalDescription:156 s. 19 cm
Published: Helsinki Otava c1999
ISBN:9511160117
Subjects:

MARC

LEADER 00000nam a2200000 a 4500
001 vtls001392140
003 SK-MaSNL
005 20260301115822.0
008 240315s1999 FI a r 0 ger
020 |a 9511160117  |c [150,00] 
035 |a SNK000346437 
040 |a SNK  |b slo  |c SNK  |e AACR2 
044 |a FI 
080 |a 908.48.0-25(084.12)  |2 1981 
100 1 |a Klinge, Matti  |4 aut  |9 461416 
245 1 |a Helsinki. Tochter der Ostsee  |b ein geschichtlicher Abriss  |c Matti Klinge, Laura Kolbe ; [Übersetzung: Gabriele Schrey-Vasara] 
260 |a Helsinki  |b Otava  |c c1999 
300 |a 156 s.  |c 19 cm 
651 7 |a Helsinki (Fínsko)  |2 SNK  |9 21447 
700 1 |a Kolbe, Laura  |4 aut  |9 403104 
700 1 |a Schrey-Vasara, Gabriele  |4 prk  |9 461417 
919 |a 951-1-16011-7 
999 |c 723708  |d 725638 
952 |t P60, <04>, [BOOK], {604}  |a SNK  |b SNK  |y VYP  |7 0  |p 17A0244446  |o snkID 96688  |i snkV 1010/2000  |0 0  |1 0  |4 0  |d 2000-07-11  |l 0  |r 2005-01-02 00:00:00  |w 2026-02-23